| 000 | 00607nam a2200181Ia 4500 | ||
|---|---|---|---|
| 008 | 151018s9999 xx 000 0 und d | ||
| 082 |
_bRBASDV48764 _a891.464 |
||
| 100 | _aदिलीप नलगे | ||
| 245 | _aसत्यशोधकांची भाषणे | ||
| 250 | _b1 | ||
| 260 |
_bअजब प्रकाशन _c2009 |
||
| 300 | _a248 | ||
| 600 | _aदिलीप नलगे | ||
| 630 | _aसत्यशोधकांची भाषणे | ||
| 700 | _aदिलीप नलगे | ||
| 730 | _aसत्यशोधकांची भाषणे | ||
| 942 | _cBOOK | ||
| 999 |
_c1047888 _d1047885 |
||